00579nam a2200181Ia 4500003000900000008004100009040001600050080001900066100002500085245007300110260003800183300001400221490005400235650004100289650002400330650002200354700002100376IN-BaIIA211028s9999 xx 000 0 eng d cIIA Library a524.3-852bWOO aWoolley, R. V. D. R. 4aThe outer layers of a starcWoolley R. V. D. R. and Stibbs, D. W. N. aOxfordbThe Clarendon Pressc1953 axi, 306p. aThe International series of monographs on physics aAstronomy and astrophysics thesaurus aStellar atmospheres aStellar evolution aStibbs, D. W. N.